[Event "FIDE Women's Grand Swiss"]
[Site "Samarkand UZB"]
[Date "2025.09.04"]
[Round "1.20"]
[White "Balajayeva, Khanim"]
[Black "Ushenina, Anna"]
[Result "1/2-1/2"]
[WhiteTitle "IM"]
[BlackTitle "GM"]
[WhiteElo "2331"]
[BlackElo "2409"]
[WhiteFideId "13406396"]
[BlackFideId "14110911"]
[EventDate "2025.09.04"]

1. e4 c5 2. Nf3 Nc6 3. Nc3 e5 4. Bc4 Be7 5. d3 d6 6. a4 h6 7. h3 Nf6 8. Nh2 Be6
9. Ng4 Nb4 10. Nxf6+ Bxf6 11. Bb5+ Bd7 12. O-O O-O 13. Ne2 Nc6 14. c3 a6 15. Bc4
Be6 16. Be3 Qd7 17. Ng3 Be7 18. Qh5 Kh7 19. Bd5 Bf6 20. Qf3 Qd8 21. Nf5 Bxf5 22.
exf5 Rc8 23. Qe4 Rc7 24. c4 Qd7 25. g4 Ne7 26. a5 Nxd5 27. Qxd5 Qc6 28. Qxc6
bxc6 29. Rab1 Rb7 30. Rfd1 Rb3 31. Bc1 Rfb8 32. Kf1 Bg5 33. Bxg5 hxg5 34. Rd2
R8b4 35. Ke2 Ra4 36. Kd1 f6 37. Kc2 Rbb4 38. h4 gxh4 39. Rh1 Rxa5 40. Rxh4+ Kg8
41. f3 Ra1 42. Rdh2 Rf1 43. Rh8+ Kf7 44. Rd8 Ke7 45. Rhh8 Rf2+ 46. Kc1 Rbxb2 47.
Rhe8+ Kf7 48. Rf8+ Ke7 49. Rfe8+ 1/2-1/2

[Event "FIDE Women's Grand Swiss"]
[Site "Samarkand UZB"]
[Date "2025.09.04"]
[Round "1.21"]
[White "Song, Yuxin"]
[Black "Karimova, Guldona"]
[Result "1/2-1/2"]
[WhiteTitle "IM"]
[BlackTitle "WIM"]
[WhiteElo "2409"]
[BlackElo "2324"]
[WhiteFideId "8614300"]
[BlackFideId "14210410"]
[EventDate "2025.09.04"]

1. e4 c5 2. Nc3 Nc6 3. Bb5 Nd4 4. Nf3 e6 5. O-O a6 6. Bd3 Nc6 7. Nd5 Nge7 8. Re1
d6 9. Ne3 g6 10. c3 Bg7 11. Bb1 d5 12. d3 d4 13. cxd4 cxd4 14. Nf1 e5 15. a3 h6
16. Ba2 O-O 17. Bd2 Qd6 18. h4 Bg4 19. Rc1 Qf6 20. N1h2 Bd7 21. Rc2 Qd6 22. Qe2
Be6 23. Bxe6 Qxe6 24. Rec1 f5 25. h5 f4 26. hxg6 Qxg6 27. Nh4 Qg5 28. Qg4 Qxg4
29. Nxg4 h5 30. Nh2 Bf6 31. N4f3 Kf7 32. g3 Rg8 33. Kg2 Rg7 34. Kh3 fxg3 35.
fxg3 Rag8 36. Rg1 Ke6 37. g4 hxg4+ 38. Rxg4 Nc8 39. Rxg7 Rxg7 40. Ng4 Nd6 41.
Rc1 Be7 42. Kg3 Rh7 43. Ng5+ Bxg5 44. Bxg5 Rg7 45. Bd2 Ne8 46. Rf1 Rg6 1/2-1/2

[Event "FIDE Women's Grand Swiss"]
[Site "Samarkand UZB"]
[Date "2025.09.04"]
[Round "1.22"]
[White "Manko, Mariia"]
[Black "Khamdamova, Afruza"]
[Result "0-1"]
[WhiteTitle "WIM"]
[BlackTitle "WIM"]
[WhiteElo "2313"]
[BlackElo "2409"]
[WhiteFideId "14199220"]
[BlackFideId "14210444"]
[EventDate "2025.09.04"]

1. d4 d5 2. c4 c5 3. Nf3 Nf6 4. g3 cxd4 5. Bg2 dxc4 6. Qa4+ Qd7 7. Qxc4 Nc6 8.
Bf4 Qd5 9. Nbd2 Qxc4 10. Nxc4 Nd7 11. Rd1 f6 12. Bc7 e5 13. Nd6+ Bxd6 14. Bxd6
Nb6 15. b3 Be6 16. Nd2 O-O-O 17. Ba3 Bd5 18. Bh3+ Kb8 19. O-O Rhe8 20. Rc1 g6
21. Nc4 Nxc4 22. bxc4 Be6 23. Bg2 Kc7 24. Rc2 f5 25. Rb1 d3 26. exd3 Rxd3 27.
Bb2 Bf7 28. Bf1 Rd7 29. Bc3 Kc8 30. Rcb2 e4 31. a4 Ne5 32. c5 Bd5 33. Bb5 Nc6
34. a5 a6 35. Bf1 e3 36. f4 Bf3 37. Re1 Rde7 38. Be2 Bxe2 39. Rbxe2 Re4 40. Kg2
Rc4 41. Rxe3 Rxe3 42. Rxe3 Rxc5 43. Be1 Kd7 44. Rb3 Rb5 45. Ra3 Rb2+ 46. Bf2 Rd2
47. h3 Nb4 48. Kf1 Nd5 49. Rb3 Kc7 50. Ra3 Nf6 51. Rc3+ Kb8 52. Be3 Rd1+ 53. Ke2
Nd5 54. Ra3 Nxe3 55. Rxe3 Rd5 56. Re7 Rxa5 57. Rxh7 Rc5 58. Rg7 Rc6 59. g4 a5
60. gxf5 gxf5 61. Rg5 Rf6 62. h4 Kc7 63. h5 Kd6 64. Kd3 b5 65. Rg7 Rh6 66. Rg5
Rf6 67. Rg7 Kc5 68. Rg6 Rf8 69. h6 Rh8 70. Kc3 b4+ 71. Kd3 Kb5 72. Rf6 Ka4 73.
Kc2 Rh7 74. Kb2 Re7 75. Rxf5 Re2+ 76. Kc1 Rh2 77. Re5 Rxh6 78. f5 Rh1+ 79. Kb2
Rf1 80. Rd5 Rf2+ 81. Kc1 b3 82. Kb1 Kb4 83. Rd4+ Kc3 84. Rd1 Rxf5 85. Rh1 Rf3
86. Rc1+ Kb4 87. Rh1 a4 88. Rh4+ Kc3 89. Rh1 a3 90. Rc1+ Kd2 91. Rh1 Re3 0-1

[Event "FIDE Women's Grand Swiss"]
[Site "Samarkand UZB"]
[Date "2025.09.04"]
[Round "1.23"]
[White "Danielian, Elina"]
[Black "Kaliakhmet, Elnaz"]
[Result "1/2-1/2"]
[WhiteTitle "GM"]
[BlackTitle "WIM"]
[WhiteElo "2405"]
[BlackElo "2299"]
[WhiteFideId "13300210"]
[BlackFideId "13730169"]
[EventDate "2025.09.04"]

1. d4 d5 2. c4 e6 3. Nf3 Nf6 4. e3 a6 5. Nbd2 c5 6. a3 cxd4 7. exd4 dxc4 8. Nxc4
Be7 9. Nce5 O-O 10. Bd3 b5 11. O-O Bb7 12. Bg5 h6 13. Bxf6 Bxf6 14. Qe2 Nd7 15.
Rfe1 Nxe5 16. dxe5 Be7 17. Be4 Qb6 18. Rac1 Rac8 19. g3 Rfd8 20. h4 a5 21. Red1
b4 22. Rxc8 Rxc8 23. Bxb7 Qxb7 24. axb4 Bxb4 25. h5 Bc5 26. Rd3 Qb6 27. Kg2 Rd8
28. Rxd8+ Qxd8 29. Qb5 Qc7 30. b3 Kf8 31. Qd3 Kg8 32. Qb5 Kf8 33. Qd3 Kg8 34.
Qb5 1/2-1/2

[Event "FIDE Women's Grand Swiss"]
[Site "Samarkand UZB"]
[Date "2025.09.04"]
[Round "1.24"]
[White "Omonova, Umida"]
[Black "Kiolbasa, Oliwia"]
[Result "1-0"]
[WhiteTitle "WIM"]
[BlackTitle "IM"]
[WhiteElo "2252"]
[BlackElo "2405"]
[WhiteFideId "14210363"]
[BlackFideId "1154613"]
[EventDate "2025.09.04"]

1. e4 c5 2. Nf3 d6 3. Bb5+ Bd7 4. Bxd7+ Nxd7 5. O-O Ngf6 6. Qe2 e6 7. b3 g6 8.
Bb2 Bg7 9. d4 cxd4 10. Nxd4 O-O 11. Nd2 Qb6 12. a4 d5 13. a5 Qc7 14. c4 dxe4 15.
Nxe4 Nxe4 16. Qxe4 a6 17. Qe2 Rac8 18. Rfd1 Rfd8 19. Nxe6 fxe6 20. Qxe6+ Kh8 21.
Bxg7+ Kxg7 22. Qe7+ Kh8 23. Rd5 b5 24. axb6 Qxb6 25. Rxd7 Rxd7 26. Qxd7 Rf8 27.
Qd2 Qxb3 28. Qd4+ Kg8 29. h3 Qc2 30. c5 a5 31. Rxa5 Qb1+ 32. Kh2 Qb8+ 33. g3 Qc7
34. Ra2 Rd8 35. Ra7 Qxa7 36. Qxd8+ Kf7 37. Qd5+ Kf6 38. Qd6+ Kf5 39. Kg2 Qa2 40.
c6 Qc2 41. c7 Qe4+ 42. Kh2 Qc2 43. Qf4+ Ke6 44. c8=Q+ 1-0

[Event "FIDE Women's Grand Swiss"]
[Site "Samarkand UZB"]
[Date "2025.09.04"]
[Round "1.25"]
[White "Bulmaga, Irina"]
[Black "Wafa, Shrook"]
[Result "1/2-1/2"]
[WhiteTitle "IM"]
[BlackTitle "WGM"]
[WhiteElo "2400"]
[BlackElo "2202"]
[WhiteFideId "13903063"]
[BlackFideId "10609970"]
[EventDate "2025.09.04"]

1. d4 d5 2. Nf3 Nf6 3. g3 g6 4. c4 c6 5. Nc3 Bg7 6. Qb3 O-O 7. Bg2 Qa5 8. O-O
Nbd7 9. cxd5 Nxd5 10. e4 Nxc3 11. bxc3 c5 12. Bg5 cxd4 13. cxd4 Bxd4 14. Bd2 Qb6
15. Nxd4 Qxd4 16. Bh6 Re8 17. Be3 Qe5 18. f4 Qh5 19. h3 Qa5 20. Rac1 Nf6 21. Rc5
Qa6 22. f5 gxf5 23. exf5 Rd8 24. g4 Rd3 25. Rc3 Rxc3 26. Qxc3 Bd7 27. g5 Nh5 28.
Qe5 Qd6 29. Qxd6 exd6 30. f6 Bc6 31. Bxc6 bxc6 32. Kf2 h6 33. Rd1 d5 34. Rc1 Rc8
35. h4 Kh7 36. Kf3 a6 37. a4 Kg6 38. Rg1 Kf5 39. Rc1 hxg5 40. hxg5 d4 41. Rc5+
Kg6 42. Bxd4 Rb8 43. Be3 Rb4 44. Ra5 Rb3 45. Rxa6 Ng3 46. Kxg3 Rxe3+ 47. Kf4 Rc3
48. Ra5 Rc4+ 49. Ke3 c5 50. Kd3 Rh4 51. Kc3 Kxg5 52. Ra6 Kf5 53. a5 Ra4 54. Kb3
Ra1 55. Kc4 Rc1+ 56. Kb5 c4 57. Kb4 c3 58. Kb3 Ke5 59. Kc4 Rc2 60. Kd3 Rc1 61.
Kc4 Rc2 62. Rc6 Ra2 63. Kb5 c2 64. Kb6 Rb2+ 65. Kc7 Ra2 66. Kd7 Rxa5 67. Ke7
Ra7+ 68. Kf8 Ra6 69. Rxc2 Rxf6 70. Rc7 Ke6 71. Re7+ Kf5 72. Rxf7 Rxf7+ 73. Kxf7 1/2-1/2

[Event "FIDE Women's Grand Swiss"]
[Site "Samarkand UZB"]
[Date "2025.09.04"]
[Round "1.26"]
[White "Gomez Barrera, Javiera Belen"]
[Black "Wagner, Dinara"]
[Result "0-1"]
[WhiteTitle "WIM"]
[BlackTitle "IM"]
[WhiteElo "2169"]
[BlackElo "2400"]
[WhiteFideId "3418723"]
[BlackFideId "24157570"]
[EventDate "2025.09.04"]

1. e4 e5 2. Nf3 Nc6 3. Nc3 Nf6 4. d4 exd4 5. Nxd4 Bb4 6. Nxc6 bxc6 7. Bd3 d5 8.
exd5 Qe7+ 9. Qe2 Qxe2+ 10. Bxe2 cxd5 11. a3 Bxc3+ 12. bxc3 O-O 13. O-O Ne4 14.
Bf4 Nxc3 15. Bf3 c6 16. Be5 Na4 17. Rfe1 Ba6 18. Bf4 Bb5 19. h4 Rfe8 20. Bd2 Nb6
21. Rxe8+ Rxe8 22. Be3 Ra8 23. Re1 h6 24. Bc5 Nc4 25. Re7 a5 26. Be2 Rb8 27.
Bxc4 Bxc4 28. Ra7 Rb2 29. c3 Rb3 30. Rxa5 Rxc3 31. Ra8+ Kh7 32. Be3 Rd3 33. a4
d4 34. Bf4 Rd1+ 35. Kh2 d3 36. Kg3 Ra1 37. Kf3 Ra2 38. Rd8 Bd5+ 39. Ke3 Rxa4 40.
g3 Ra3 41. Bd6 Ra2 42. Kxd3 Rxf2 43. Re8 Be6 44. Rb8 Kg6 45. Ke3 Rf1 46. Rb2 Rd1
47. Bf8 h5 48. Rc2 Bd5 49. Rc3 Re1+ 50. Kf2 Re8 51. Bc5 Kf5 52. Bd4 f6 53. Ra3
Re4 54. Be3 Rc4 55. Ra7 Rc2+ 56. Ke1 g6 57. Re7 c5 58. Bd2 c4 59. Re3 Ra2 60.
Bc3 Ra6 61. Kf2 Be4 62. Ke1 Bd5 63. Kf2 Kg4 64. Re2 Ra3 65. Rc2 Be4 66. Rc1 Bd5
67. Rc2 g5 68. hxg5 fxg5 69. Be5 Rf3+ 70. Kg1 Rxg3+ 71. Bxg3 Kxg3 72. Rd2 Be4
73. Rd4 Bd3 74. Rd5 Kf4 75. Kf2 h4 76. Rd4+ Kf5 77. Rd8 Kg4 78. Rd5 Kf4 79. Rd4+
Ke5 80. Rd8 g4 81. Rh8 g3+ 82. Ke3 g2 83. Kf2 Be4 84. Rxh4 c3 85. Rh8 Kd4 86.
Rd8+ Bd5 87. Re8 c2 88. Re1 Kd3 89. Re3+ Kd2 90. Re2+ Kc3 91. Re1 Kb2 92. Re2
Kb1 0-1

[Event "FIDE Women's Grand Swiss"]
[Site "Samarkand UZB"]
[Date "2025.09.04"]
[Round "1.27"]
[White "Stefanova, Antoaneta"]
[Black "Khalilova, Madinabonu"]
[Result "1/2-1/2"]
[WhiteTitle "GM"]
[BlackTitle "WCM"]
[WhiteElo "2395"]
[BlackElo "2148"]
[WhiteFideId "2902257"]
[BlackFideId "14223422"]
[EventDate "2025.09.04"]

1. d4 Nf6 2. Nf3 g6 3. g3 Bg7 4. Bg2 O-O 5. O-O d5 6. c4 dxc4 7. Na3 c3 8. bxc3
c5 9. e3 Nc6 10. Qe2 cxd4 11. cxd4 Be6 12. Bb2 Bd5 13. Rfc1 Rc8 14. Bh3 e6 15.
Ne1 Nb4 16. Bc3 Qe7 17. f3 Nxa2 18. Rxa2 Bxa2 19. Qxa2 Nd5 20. Bd2 Rxc1 21. Bxc1
Rc8 22. Bd2 Bf8 23. Nac2 b5 24. e4 Nb6 25. d5 Nc4 26. Bb4 Qd7 27. dxe6 fxe6 28.
Bxf8 Rxf8 29. Qa1 Qe7 30. Qa6 Qc5+ 31. Kh1 e5 32. Nd3 Qb6 33. Qxb6 Nxb6 34. Nxe5
Rd8 35. Ne3 Kg7 36. f4 Rd4 37. Kg2 Rxe4 38. Kf3 Ra4 39. Be6 Ra3 40. Ke4 Rc3 41.
Kd4 b4 42. g4 a5 43. Nd3 Rc6 44. Ke5 Rc3 45. Kd4 Kf6 46. f5 Rc6 47. h4 gxf5 48.
gxf5 Rd6+ 49. Ke4 Rd8 50. Ng4+ Ke7 51. Nge5 Rd6 52. Nf7 Rc6 53. Ng5 h6 54. Nf7
h5 55. Nfe5 Rc7 56. Ng6+ Kd6 57. Ngf4 Nd7 58. Nxh5 Nc5+ 59. Nxc5 Rxc5 60. Nf4 a4
61. Nd3 Rb5 62. Nb2 a3 63. Nc4+ Ke7 64. Nd2 Rc5 65. Bb3 Kf6 66. Kd4 Rc7 67. Ne4+
Kxf5 68. Nc5 Rg7 69. Nd3 Rg4+ 70. Kc5 Rg3 71. Kc4 Ke4 72. Nxb4 Rg1 73. Nc2 Rh1
74. Nxa3 Rxh4 1/2-1/2

[Event "FIDE Women's Grand Swiss"]
[Site "Samarkand UZB"]
[Date "2025.09.04"]
[Round "1.28"]
[White "Nassr, Lina"]
[Black "Mkrtchian, Lilit"]
[Result "1/2-1/2"]
[WhiteTitle "WIM"]
[BlackTitle "IM"]
[WhiteElo "2060"]
[BlackElo "2393"]
[WhiteFideId "7908075"]
[BlackFideId "13300601"]
[EventDate "2025.09.04"]

1. Nf3 Nf6 2. e3 d5 3. b3 e6 4. Bb2 Bd6 5. d4 O-O 6. Bd3 b6 7. Nbd2 Bb7 8. O-O
c5 9. dxc5 bxc5 10. c4 Nbd7 11. Re1 Re8 12. e4 dxe4 13. Nxe4 Be7 14. Qc2 h6 15.
Rad1 Qc7 16. Nxf6+ Bxf6 17. Bh7+ Kf8 18. Be4 Bxe4 19. Rxe4 Bxb2 20. Qxb2 Red8
21. Re3 Nf6 22. Red3 Rxd3 23. Rxd3 a5 24. a4 Rd8 25. Qd2 Rxd3 26. Qxd3 Qd7 27.
Qe2 Qd6 28. h3 Nd7 29. Qe1 Qb6 30. Qd2 Ke7 31. Qc3 f6 32. Qd3 Qd6 33. Qc3 Qb6
34. Qd3 Nb8 35. Qh7 Kf7 36. Qd3 Qc7 37. Nh4 Nc6 38. Qg6+ Kf8 39. Qh7 Ne7 40.
Ng6+ Nxg6 41. Qxg6 Qf4 42. Qd3 Qc1+ 43. Kh2 Qf4+ 44. Kg1 1/2-1/2

[Event "FIDE Women's Grand Swiss"]
[Site "Samarkand UZB"]
[Date "2025.09.05"]
[Round "2.1"]
[White "Vantika, Agrawal"]
[Black "Assaubayeva, Bibisara"]
[Result "1/2-1/2"]
[WhiteTitle "IM"]
[BlackTitle "GM"]
[WhiteElo "2381"]
[BlackElo "2505"]
[WhiteFideId "25050389"]
[BlackFideId "13708694"]
[EventDate "2025.09.04"]

1. d4 Nf6 2. c4 g6 3. Nc3 Bg7 4. e4 d6 5. Be2 O-O 6. Nf3 Na6 7. O-O e5 8. Re1
Bg4 9. Be3 Bxf3 10. Bxf3 exd4 11. Bxd4 c6 12. g3 h5 13. h4 Re8 14. Qd2 Nc5 15.
Rad1 Qe7 16. Qc2 Nfd7 17. Bxg7 Kxg7 18. Qd2 Rad8 19. b4 Ne6 20. Be2 a5 21. a3
axb4 22. axb4 Nf6 23. Bf1 Ng4 24. Kg2 Kg8 25. f3 Nf6 26. Nd5 cxd5 27. exd5 Qd7
28. dxe6 Rxe6 29. Rxe6 Qxe6 30. Re1 Qd7 31. Qd4 Ne8 32. Bd3 Ng7 33. Qf6 Re8 34.
Rxe8+ Nxe8 35. Qd4 Qa4 36. b5 Qa2+ 37. Qf2 Qxf2+ 38. Kxf2 Kf8 39. Ke3 Ke7 40. g4
Nf6 41. g5 Nd7 42. f4 b6 43. Bc2 Nf8 44. Be4 Nd7 45. Bb1 Nf8 46. Bc2 Nd7 47. Kd4
Ke6 48. Be4 Nf8 49. Bg2 Ke7 50. Kd5 Kd7 51. f5 gxf5 52. Bh3 Ke7 53. Bxf5 Ne6 54.
Be4 Kd7 55. Bf3 Ng7 56. Bg2 Ne8 57. Bh3+ Kc7 58. Bf5 Ng7 59. Bh7 Ne6 60. Bg8 Nd8
61. Bh7 Ne6 62. Bg8 Nd8 63. Ke4 Kd7 64. Kf5 Ke7 65. g6 fxg6+ 66. Kxg6 Nb7 67.
Bd5 Nc5 68. Bf3 Nd3 69. Bxh5 d5 70. cxd5 Nf4+ 71. Kh6 Nxd5 72. Kg7 Nc7 73. Bg4
Nxb5 74. h5 Nd6 75. h6 Ne8+ 76. Kg6 Nf6 77. Bf5 b5 78. Bc2 Kf8 79. Bb3 Ng4 80.
h7 Ne5+ 81. Kf6 Ng4+ 82. Kg6 Ne5+ 83. Kf6 Ng4+ 84. Kg5 Kg7 1/2-1/2

[Event "FIDE Women's Grand Swiss"]
[Site "Samarkand UZB"]
[Date "2025.09.05"]
[Round "2.2"]
[White "Roebers, Eline"]
[Black "Vaishali, Rameshbabu"]
[Result "0-1"]
[WhiteTitle "IM"]
[BlackTitle "GM"]
[WhiteElo "2377"]
[BlackElo "2452"]
[WhiteFideId "1058401"]
[BlackFideId "5091756"]
[EventDate "2025.09.04"]

1. e4 e5 2. Nf3 Nc6 3. Bb5 a6 4. Ba4 Bc5 5. c3 Nge7 6. d4 exd4 7. Nxd4 O-O 8.
Bg5 h6 9. Bh4 Ne5 10. f4 N5g6 11. Bg3 f5 12. Nxf5 d5 13. Bb3 Nxf5 14. exf5 Bxf5
15. Bxd5+ Kh8 16. Bf2 Qe7+ 17. Kf1 Bxf2 18. Kxf2 Nxf4 19. Bf3 Rad8 20. Nd2 Qc5+
21. Kg3 Nd3 22. Qf1 Qd6+ 0-1

[Event "FIDE Women's Grand Swiss"]
[Site "Samarkand UZB"]
[Date "2025.09.05"]
[Round "2.3"]
[White "Khamdamova, Afruza"]
[Black "Balabayeva, Xeniya"]
[Result "1/2-1/2"]
[WhiteTitle "WIM"]
[BlackTitle "WGM"]
[WhiteElo "2409"]
[BlackElo "2383"]
[WhiteFideId "14210444"]
[BlackFideId "13719688"]
[EventDate "2025.09.04"]

1. e4 e5 2. Nf3 Nc6 3. Bb5 Nf6 4. O-O Nxe4 5. Re1 Nd6 6. Nxe5 Be7 7. Bf1 Nxe5 8.
Rxe5 O-O 9. Nc3 Ne8 10. d4 Bf6 11. Re1 d5 12. Bf4 c6 13. Qd2 Bf5 14. Ne2 Nc7 15.
Ng3 Bg6 16. Be5 Ne6 17. Bxf6 Qxf6 18. c3 h5 19. Re5 Nf4 20. Kh1 Rae8 21. Rae1
Re6 22. R1e3 Rxe5 23. Rxe5 h4 24. Nf5 Bxf5 25. Qxf4 Bd3 26. Qc1 Bxf1 27. Qxf1
Qf4 28. Re3 Rd8 29. h3 Rd6 30. Qe2 Rg6 31. Re8+ Kh7 1/2-1/2

[Event "FIDE Women's Grand Swiss"]
[Site "Samarkand UZB"]
[Date "2025.09.05"]
[Round "2.4"]
[White "Wagner, Dinara"]
[Black "Zhai, Mo"]
[Result "1/2-1/2"]
[WhiteTitle "IM"]
[BlackTitle "WGM"]
[WhiteElo "2400"]
[BlackElo "2380"]
[WhiteFideId "24157570"]
[BlackFideId "8600201"]
[EventDate "2025.09.04"]

1. d4 Nf6 2. c4 e6 3. Nf3 b6 4. a3 Bb7 5. Nc3 d5 6. cxd5 Nxd5 7. e3 Be7 8. Bb5+
c6 9. Bd3 O-O 10. e4 Nxc3 11. bxc3 c5 12. O-O Nc6 13. Bb2 Na5 14. Re1 Qc7 15.
Nd2 Rfd8 16. e5 Bd5 17. Qg4 cxd4 18. cxd4 Nc4 19. Nxc4 Bxc4 20. Rac1 b5 21. Be4
Rac8 22. d5 Bf8 23. d6 Qb6 24. Rc3 g6 25. Rh3 Bg7 26. Qh4 h5 27. g4 hxg4 28.
Qxg4 Rd7 29. Qh4 Qa5 30. Bc3 b4 31. axb4 Qa2 32. Ra1 Qb3 33. Rb1 Qa2 34. Re1 Bb5
35. Bb1 Qd5 36. Qd4 Qb3 37. Qe3 Rxd6 38. Bd4 Qxe3 39. Bxe3 Rd7 40. Bg5 Rc4 41.
f4 Rxb4 42. Rc3 Rc4 43. Rxc4 Bxc4 44. Rc1 Bd5 45. Rc8+ Kh7 46. Bc2 Bb7 47. Rb8
Bc6 48. Rc8 Bb5 49. Ra8 a6 50. h4 Be2 51. Be4 Bb5 52. h5 Rd4 53. hxg6+ fxg6 54.
Bf3 Rd7 55. Bg4 1/2-1/2

[Event "FIDE Women's Grand Swiss"]
[Site "Samarkand UZB"]
[Date "2025.09.05"]
[Round "2.5"]
[White "Gaal, Zsoka"]
[Black "Badelka, Olga"]
[Result "0-1"]
[WhiteTitle "WGM"]
[BlackTitle "IM"]
[WhiteElo "2388"]
[BlackElo "2375"]
[WhiteFideId "777765"]
[BlackFideId "13509926"]
[EventDate "2025.09.04"]

1. d4 Nf6 2. Nf3 e6 3. g3 d5 4. Bg2 Be7 5. O-O O-O 6. c4 dxc4 7. Qa4 a6 8. Qxc4
b5 9. Qc2 Bb7 10. Bf4 Nc6 11. Rd1 Nb4 12. Qc1 Rc8 13. Nc3 Nbd5 14. Be5 Ng4 15.
a4 b4 16. Nxd5 Bxd5 17. Qf4 Nxf2 18. Bxg7 Kxg7 19. Kxf2 c5 20. Kg1 Bxf3 21. Bxf3
cxd4 22. Kg2 Bf6 23. Be4 Rc5 24. Qf3 Bg5 25. Qd3 f5 26. Bb7 e5 27. Qxa6 Qc7 28.
Ba8 Rc2 29. a5 Rb8 30. Bf3 e4 31. Bh5 Rc6 32. Qxc6 Qxc6 33. Rxd4 Bf6 34. Rd2 e3+
35. Bf3 Qxf3+ 36. Kxf3 exd2 37. Rd1 Rd8 38. a6 Bxb2 39. a7 Bc3 0-1

[Event "FIDE Women's Grand Swiss"]
[Site "Samarkand UZB"]
[Date "2025.09.05"]
[Round "2.6"]
[White "Ouellet, Maili-Jade"]
[Black "Girya, Olga"]
[Result "1/2-1/2"]
[WhiteTitle "WGM"]
[BlackTitle "GM"]
[WhiteElo "2348"]
[BlackElo "2386"]
[WhiteFideId "2620472"]
[BlackFideId "4195752"]
[EventDate "2025.09.04"]

1. d4 Nf6 2. c4 e6 3. Nc3 Bb4 4. Qc2 O-O 5. a3 Bxc3+ 6. Qxc3 d5 7. Bg5 h6 8.
Bxf6 Qxf6 9. Nf3 dxc4 10. Qxc4 Nc6 11. Qc3 Re8 12. Rd1 e5 13. d5 Nb8 14. e3 Bg4
15. Be2 Nd7 16. O-O Bxf3 17. Bxf3 e4 18. Qxf6 Nxf6 19. Be2 Rad8 20. Bc4 Re5 21.
Rd4 Rd6 22. Rc1 Nxd5 23. Bxd5 Rexd5 24. Rxc7 Rxd4 25. exd4 Rxd4 26. Kf1 b6 27.
Rxa7 Rd2 28. b4 Ra2 29. a4 b5 30. a5 Ra4 31. Rb7 Rxb4 32. a6 Ra4 33. a7 Kh7 34.
Rxf7 Kg6 35. Rb7 Ra2 36. h4 Kf6 37. h5 b4 38. Rxb4 Rxa7 39. Rxe4 g6 40. hxg6
Kxg6 41. Re6+ Kg5 42. g3 h5 43. Kg2 Ra2 44. Rb6 Kf5 45. Rb8 Kg6 46. Rf8 Kg7 47.
Rf4 Kg6 48. Kh3 Ra1 49. Rb4 Rh1+ 50. Kg2 Ra1 51. Rb6+ Kg7 52. Re6 Rb1 53. f4 Ra1
54. Rd6 Rb1 55. Kf3 Rb3+ 56. Kg2 Rb1 57. Ra6 Rc1 58. Ra5 Kg6 59. Rg5+ Kh6 60.
Re5 Kg6 61. Kf3 Rc3+ 62. Re3 Rc6 63. Re1 Rc3+ 64. Re3 Rc6 65. Rd3 Ra6 66. Rb3
Rc6 67. Ke4 Rc4+ 68. Kd5 Ra4 69. Rb6+ Kf5 70. Rh6 Kg4 71. Rg6+ Kf5 72. Rg8 h4
73. Rf8+ Kg4 74. f5 hxg3 75. f6 Kf5 76. f7 Kf6 77. Rg8 Kxf7 1/2-1/2

[Event "FIDE Women's Grand Swiss"]
[Site "Samarkand UZB"]
[Date "2025.09.05"]
[Round "2.7"]
[White "Fataliyeva, Ulviyya"]
[Black "Kamalidenova, Meruert"]
[Result "1/2-1/2"]
[WhiteTitle "IM"]
[BlackTitle "IM"]
[WhiteElo "2385"]
[BlackElo "2349"]
[WhiteFideId "13403052"]
[BlackFideId "13712802"]
[EventDate "2025.09.04"]

1. e4 c5 2. Nc3 Nc6 3. Bb5 g6 4. Bxc6 bxc6 5. d3 Bg7 6. Nge2 d5 7. O-O e6 8. Rb1
Ne7 9. Na4 c4 10. dxc4 O-O 11. exd5 exd5 12. cxd5 Nxd5 13. b3 Re8 14. Nf4 Bf5
15. Nxd5 Qxd5 16. Bb2 Qxd1 17. Rbxd1 Bxb2 18. Nxb2 Re2 19. Rc1 Rae8 20. Nd1 Bxc2
21. Nc3 Rd2 22. Rfe1 Rxe1+ 23. Rxe1 Bf5 24. Rc1 Be6 25. Kf1 h5 26. h3 Kf8 27. b4
Rb2 28. a3 Rb3 29. Ne2 Rxa3 30. Rxc6 Bd7 31. Rc5 Rb3 32. Nc3 Rxb4 33. Rc7 Be6 1/2-1/2

[Event "FIDE Women's Grand Swiss"]
[Site "Samarkand UZB"]
[Date "2025.09.05"]
[Round "2.8"]
[White "Lagno, Kateryna"]
[Black "Omonova, Umida"]
[Result "1-0"]
[WhiteTitle "GM"]
[BlackTitle "WIM"]
[WhiteElo "2505"]
[BlackElo "2252"]
[WhiteFideId "14109336"]
[BlackFideId "14210363"]
[EventDate "2025.09.04"]

1. e4 c5 2. Nf3 e6 3. d4 cxd4 4. Nxd4 Nf6 5. Nc3 Nc6 6. a3 Be7 7. Be3 d6 8. Qe2
e5 9. Nb3 a6 10. O-O-O Qc7 11. f3 b5 12. Qd2 Rb8 13. Nd5 Nxd5 14. exd5 Nd8 15.
g4 O-O 16. Bd3 f5 17. gxf5 Bxf5 18. Be4 Rc8 19. Kb1 Qd7 20. Na5 Bxe4 21. fxe4
Qg4 22. Qd3 Rf3 23. Rdf1 Qg2 24. Rxf3 Qxh1+ 25. Rf1 Qxh2 26. Nc6 Bh4 27. Bb6 h6
28. Qf3 Nxc6 29. Qf7+ Kh8 30. dxc6 Qh3 31. c7 Bf6 32. Rd1 Qf3 33. Rxd6 Qxe4 34.
Rxf6 gxf6 35. Qxf6+ Kh7 36. Qf7+ Kh8 37. Qf6+ Kh7 38. Qe7+ 1-0

[Event "FIDE Women's Grand Swiss"]
[Site "Samarkand UZB"]
[Date "2025.09.05"]
[Round "2.9"]
[White "Beydullayeva, Govhar"]
[Black "Kosteniuk, Alexandra"]
[Result "1/2-1/2"]
[WhiteTitle "WGM"]
[BlackTitle "GM"]
[WhiteElo "2368"]
[BlackElo "2472"]
[WhiteFideId "13413015"]
[BlackFideId "4128125"]
[EventDate "2025.09.04"]

1. d4 d5 2. c4 e6 3. Nc3 c6 4. e4 dxe4 5. Nxe4 Bb4+ 6. Bd2 Qxd4 7. Bxb4 Qxe4+ 8.
Be2 Na6 9. Bd6 Qxg2 10. Qd2 e5 11. Bxe5 Bf5 12. Bf3 Qg6 13. O-O-O Nc5 14. Qe3
Bb1 15. Rd2 Bxa2 16. Bd6+ Ne6 17. Be4 Qh6 18. f4 Nf6 19. Bf5 Bxc4 20. Nh3 Rd8
21. Ba3 Rxd2 22. Kxd2 Nd5 23. Qxa7 Qf6 24. Qxb7 Ne7 25. Re1 Qd4+ 26. Kc1 Qd7 27.
Qb8+ Qd8 28. Qxd8+ Kxd8 29. Bxe6 fxe6 30. Ng5 e5 31. fxe5 h6 32. Ne4 Rf8 33. Nd6
Rf1 34. Nb7+ Kc7 35. Rxf1 Bxf1 36. Bxe7 Kxb7 37. Bf8 Bh3 38. Bxg7 h5 39. Kd2 Kc7
40. Ke3 Kd7 41. Kf4 Ke6 42. Kg5 Bg4 43. h4 Bd1 44. b4 Be2 45. Kf4 1/2-1/2

[Event "FIDE Women's Grand Swiss"]
[Site "Samarkand UZB"]
[Date "2025.09.05"]
[Round "2.10"]
[White "Dronavalli, Harika"]
[Black "Salimova, Nurgyul"]
[Result "1/2-1/2"]
[WhiteTitle "GM"]
[BlackTitle "IM"]
[WhiteElo "2467"]
[BlackElo "2386"]
[WhiteFideId "5015197"]
[BlackFideId "2915138"]
[EventDate "2025.09.04"]

1. d4 d5 2. c4 e6 3. Nf3 Nf6 4. Qc2 Bb4+ 5. Bd2 a5 6. a3 Bxd2+ 7. Nbxd2 Nbd7 8.
g3 dxc4 9. Nxc4 b5 10. Ncd2 Bb7 11. Bg2 Rc8 12. Nb3 Be4 13. Qc1 a4 14. Nc5 Nxc5
15. Qxc5 Qd5 16. Rc1 Nd7 17. Qxd5 Bxd5 18. O-O Ke7 19. Rc3 c5 20. dxc5 Bxf3 21.
Bxf3 Rxc5 22. Bc6 Rxc3 23. bxc3 Rc8 24. Bxb5 Rxc3 25. Bxa4 Rxa3 26. Bxd7 Kxd7
27. Rb1 Ke7 28. Kg2 h5 29. h4 Kf6 30. Rb5 g6 1/2-1/2